Le top 10 des enseignes de la grande distribution en France - Statistiques

Statistiques générales
  • Ce quiz a été pris 224 fois
  • Le résultat moyen est 5 sur 10
Statistiques - réponses
Hint Réponse % Correct
20.7M Carrefour
98%
55M E.Leclerc
92%
14.1M Auchan
88%
16.3M Lidl
84%
37.6M Intermarché
83%
22.4M Coopérative U
21%
9.8M Leroy Merlin
14%
13.8M Carrefour market
8%
12.633M Amazon France
3%
7.4M Carrefour proxi
0%
Aucun quiz correspondant
Distribution des résultats
% des personnes avec chaque résultat
Percentile par nombre de réponses
Votre historique - résultats
Vous n’avez pas pris ce quiz